[Event "Chennai op 2nd"]
[Site "Chennai"]
[Date "2010.01.25"]
[Round "1"]
[White "Gnanasekar, G."]
[Black "Konguvel, Ponnuswamy"]
[Result "0-1"]
[WhiteElo "1830"]
[BlackElo "2420"]
[PlyCount "82"]
[EventDate "2010.01.25"]
[EventType "swiss"]
[EventRounds "11"]
[EventCountry "IND"]
[SourceTitle "CBM 134 Extra"]
[Source "ChessBase"]
[SourceDate "2010.03.03"]
[SourceVersion "1"]
[SourceVersionDate "2010.03.03"]
[SourceQuality "1"]

1. e4 c5 2. b3 d6 3. Bb2 Nf6 4. Bd3 Nc6 5. c4 e5 6. Nc3 g6 7. Nf3 Bg7 8. 0-0 0-0 9. Rc1 a6 10. Bb1 Rb8 11. Kh1 b5 12. d3 Bh6 13. Nd5 Nxd5 14. exd5 Bxc1 15. Bxc1 Nd4 16. Nxd4 cxd4 17. Bh6 Re8 18. Qd2 f6 19. f4 Bf5 20. h3 bxc4 21. dxc4 Bxb1 22. Rxb1 Qb6 23. fxe5 dxe5 24. b4 Rec8 25. Qe2 Qd6 26. a3 f5 27. Qa2 Rd8 28. Bg5 Rd7 29. Qd2 a5 30. Bh6 axb4 31. axb4 Kf7 32. b5 Qc5 33. Rc1 Rc8 34. Qg5 Re8 35. Rf1 f4 36. Ra1 d3 37. Ra6 Rd6 38. b6 Rxb6 39. Ra7+ Kg8 40. Rg7+ Kh8 41. Kh2 Rb1 0-1